| 000 | 00568nam a2200169 a 4500 | ||
|---|---|---|---|
| 001 | 000034396 | ||
| 005 | 20200930073657.0 | ||
| 008 | 111004s2000 es 000 0 spa d | ||
| 020 | _a8436933990 | ||
| 040 |
_aDO-SdBNP _bspa _cBNPHU |
||
| 111 | 2 |
_aJornadas Europeas de Voluntariado Cultural _n(5: 10-12 de mayo _cSantander _d2000) _959823 |
|
| 245 | 1 | 0 | _aV Jornadas de voluntariado cultural. |
| 260 |
_aMadrid : _bMinisterio de Educación Cultural y Deporte, _c2000. |
||
| 300 |
_a227 p. : _bil., gráf. ; _c2000. |
||
| 504 | _aBibliografía : p. 213-214 | ||
| 049 | _aBNPD | ||
| 999 |
_c33887 _d33887 |
||